00430nam a2200181 a 450000100080000000500110000800800410001910000150006024500360007526000370011130000090014865300120015765300180016965300090018765300280019665300120022465300120023611121642000-09-19 1984 bl uuuu u0uu1 u #d1 aDUSI, D.A. aNocoes de conservacao de graos. aFlorianopolis, SC: Acarescc1984 a64p. aAERACAO aARMAZENAMENTO aGRAO aPRESERVACAO DE ALIMENTO aSECADOR aSECAGEM